|
|
|
|
| LEADER |
00575nam a2200169Ia 4500 |
| 008 |
150624b xxu||||| |||| 00| e hin d |
| 020 |
|
|
|a 8183610471
|
| 082 |
|
|
|a 864.8S2
|
| 100 |
|
|
|a Pachouri, Sudheesh
|
| 245 |
|
|
|c Sudheesh Pachouri
|a Sahithya ka uttar samajsasthra /
|
| 260 |
|
|
|a New Delhi :
|b Radhakrishna ,
|c 2006.
|
| 300 |
|
|
|a 196 p.
|
| 546 |
|
|
|a In Hindi.
|
| 650 |
|
|
|v Essays
|
| 942 |
|
|
|c BK
|
| 999 |
|
|
|c 93448
|d 93448
|
| 952 |
|
|
|0 0
|1 0
|4 0
|6 864_000000000000000_8S2_SAH_H
|7 0
|9 93390
|a UL
|b UL
|c ST1
|d 2011-04-06
|e THEBS
|l 1
|o 864.8S2 SAH H
|p 85311
|r 2015-10-05
|s 2015-05-07
|v 250.00
|w 2012-10-27
|y BK
|